Guide pratique interlinéaire de la langue allemande ou Cours d'allemand (Record no. 167823)

MARC details
000 -LEADER
campo de control de longitud fija 00828nam a22002055i 4500
001 - NÚMERO DE CONTROL
campo de control 167823
003 - IDENTIFICADOR DE NÚMERO DE CONTROL
campo de control ES-MaACL
005 - FECHA Y HORA DE LA ÚLTIMA TRANSACCIÓN
campo de control 20230906213613.0
008 - DATOS DE LONGITUD FIJA--INFORMACIÓN GENERAL
campo de control de longitud fija 050929s1842 fr | |||||||| ||fre d
040 ## - FUENTE DE CATALOGACIÓN
Centro catalogador/agencia de origen CAM
Lengua de catalogación spa
Centro/agencia transcriptor CAM
100 1# - ENTRADA PRINCIPAL--NOMBRE DE PERSONA
Nombre de persona Wahl, André.
9 (RLIN) 133857
245 10 - MENCIÓN DEL TÍTULO
Título Guide pratique interlinéaire de la langue allemande ou Cours d'allemand
Resto del título : contenant un choix d'anecdotes, traits historiques et moraux, choisis d'auteurs allemands ... /
Mención de responsabilidad, etc. par André Wahl.
260 ## - PUBLICACIÓN, DISTRIBUCIÓN, ETC.
Lugar de publicación, distribución, etc. Paris :
Nombre del editor, distribuidor, etc. J.H. Truchy,
Fecha de publicación, distribución, etc. 1842 (
Fabricante Imprimerie de Fain et Thunot)
300 ## - DESCRIPCIÓN FÍSICA
Extensión XXXVI, 240 p. ;
Dimensiones 17 cm.
594 ## - Nota al título y mención de responsabilidad
Nota al título y mención de responsabilidad Texto en alemán en letra gótica.
650 #4 - PUNTO DE ACCESO ADICIONAL DE MATERIA--TÉRMINO DE MATERIA
Término de materia o nombre geográfico como elemento de entrada Lengua alemana.
9 (RLIN) 14080
700 1# - ENTRADA AGREGADA--NOMBRE PERSONAL
Nombre de persona Truchy, J.H.,
Término indicativo de función/relación
9 (RLIN) 133397
740 0# - ENTRADA AGREGADA--TÍTULO RELACIONADO/ANALÍTICO NO CONTROLADO
Título relacionado o analítico no controlado Cours d'allemand.
852 ## - LOCALIZACIÓN
Ubicación ES-MaACL
Número de control de estantería D-1572
Nota libre -- Enc. hol.
-- -- Legado de Modesto de la Fuente
Holdings
Estatus retirado Estado de pérdida Estado de daño No para préstamo Colección Biblioteca de origen Biblioteca actual Ubicación en estantería Fecha de adquisición Fuente de adquisición Total de préstamos Signatura topográfica completa Código de barras Visto por última vez Precio de reemplazo Tipo de ítem Koha
        Libros del s. XIX Biblioteca del Ateneo de Madrid Biblioteca del Ateneo de Madrid Sala Valle Inclán 17/01/2008     D-1572 901176065 23/02/2023 23/02/2023 Libro impreso antiguo